|
|
|
|
| LEADER |
00000naa2a2200000 4500 |
| 001 |
215662 |
| 005 |
20231031193946.0 |
| 035 |
|
|
|a (RuTPU)RU\TPU\book\235593
|
| 090 |
|
|
|a 215662
|
| 100 |
|
|
|a 20120515d2004 k y0rusy50 ca
|
| 101 |
0 |
|
|a rus
|
| 102 |
|
|
|a RU
|
| 200 |
1 |
|
|a Рациональная структура МТС для внедрения в других регионах России
|f П. К. Логинов
|
| 461 |
|
0 |
|0 (RuTPU)RU\TPU\book\119005
|t Прогрессивные технологии и экономика в машиностроении
|o труды II Всероссийской научно-практической конференции, 29-30 апреля 2004 года, Юрга
|f Томский политехнический университет; Прогрессивные технологии и экономика в машиностроении; под ред. О. Ю. Ретюнского
|d 2004
|
| 463 |
|
0 |
|0 (RuTPU)RU\TPU\book\118383
|t Т. 1
|v С. 179-182
|d 2004
|p 200 с.
|
| 610 |
1 |
|
|a сельскохозяйственная техника
|
| 610 |
1 |
|
|a сельскохозяйственное производство
|
| 610 |
1 |
|
|a управление
|
| 610 |
1 |
|
|a машинно-технологические станции
|
| 610 |
1 |
|
|a структура
|
| 610 |
1 |
|
|a внедрение
|
| 610 |
1 |
|
|a МТС
|
| 610 |
1 |
|
|a труды учёных ТПУ
|
| 700 |
|
1 |
|a Логинов
|b П. К.
|c российский учёный в области машиностроения
|c старший преподаватель Юргинского технологического института (филиал) Томского политехнического университета
|g Пётр Костантинович
|2 stltpush
|3 (RuTPU)RU\TPU\pers\25178
|
| 801 |
|
1 |
|a RU
|b 63413507
|c 20120515
|
| 942 |
|
|
|c BK
|